Statistiques concernant Titres de chansons de Renaud - Clic Quiz

Cliquez ici pour prendre le quiz!

Statistiques générales

  • Ce quiz a été pris 1 776 fois
    (1 035 depuis la dernière actualisation)
  • Le résultat moyen est 19 sur 25

Statistiques - réponses

HintRéponse% Correct
Dès que le ventSoufflera
96%
MistralGagnant
95%
LaisseBéton
93%
ManhattanKaboul
91%
Morgane deToi
90%
Marche àL'ombre
89%
ToujoursDebout
86%
Marchand deCailloux
82%
MissMaggie
82%
EnCloque
81%
J'ai embrassé unFlic
80%
Mon bistrotPréféré
78%
Dans monHLM
77%
Les Aventures deGérard Lambert
72%
La Mère àTiti
72%
C'est mon dernierBal
71%
MonBeauf'
67%
DeuxièmeGénération
65%
Amoureux dePaname
64%
TroisMatelots
62%
Chanson pourPierrot
60%
Putain deCamion
52%
Baby-sittingBlues
51%
BanlieueRouge
51%
Morts lesEnfants
47%

Distribution des résultats

Percentile par nombre de réponses

% des personnes avec chaque résultat

Votre développement - résultats

Vous n’avez pas pris ce quiz depuis la dernière actualisation